Оценка экономического ущерба в результате действие КЗ в энергосистеме Томской области; Информационные технологии в науке, управлении, социальной сфере и медицине; Ч. 2

Dades bibliogràfiques
Parent link:Информационные технологии в науке, управлении, социальной сфере и медицине: сборник научных трудов III Международной научной конференции, 23-26 мая 2016 г., Томск.— , 2016
Ч. 2.— 2016.— [С. 318-322]
Autor principal: Корнев В. А. Василий Александрович
Autor corporatiu: Национальный исследовательский Томский политехнический университет (ТПУ) Энергетический институт (ЭНИН) Кафедра электроэнергетических систем (ЭЭС), Национальный исследовательский Томский политехнический университет (ТПУ) Институт социально-гуманитарных технологий (ИСГТ) Кафедра менеджмента (МЕН)
Altres autors: Акерман Е. Н. Елена Николаевна
Sumari:Заглавие с титульного экрана
The possible economic damage caused by short-circuit action, depends on the cause of accident, on the example of the Tomsk region's energy system. The cost of the damage was evaluated at different causes of faults and when lines are in the idle state.
Idioma:rus
Publicat: 2016
Col·lecció:Информационные технологии и моделирование в финансовой сфере
Matèries:
Accés en línia:http://earchive.tpu.ru/handle/11683/31484
Format: MixedMaterials Electrònic Capítol de llibre
KOHA link:https://koha.lib.tpu.ru/cgi-bin/koha/opac-detail.pl?biblionumber=619760

MARC

LEADER 00000naa2a2200000 4500
001 619760
005 20231215153054.0
035 |a (RuTPU)RU\TPU\conf\18196 
035 |a RU\TPU\conf\18195 
090 |a 619760 
100 |a 20160831d2016 k y0rusy50 ca 
101 0 |a rus 
102 |a RU 
105 |a y z 101zy 
135 |a drgn ---uucaa 
181 0 |a i  
182 0 |a b 
200 1 |a Оценка экономического ущерба в результате действие КЗ в энергосистеме Томской области  |d Estimated economic disbenefit AS a short circuit in the power utility systems of the Tomsk region  |f В. А. Корнев, Е. Н. Акерман 
203 |a Текст  |c электронный 
225 1 |a Информационные технологии и моделирование в финансовой сфере 
300 |a Заглавие с титульного экрана 
320 |a [Библиогр.: с. 322 (12 назв.)] 
330 |a The possible economic damage caused by short-circuit action, depends on the cause of accident, on the example of the Tomsk region's energy system. The cost of the damage was evaluated at different causes of faults and when lines are in the idle state. 
461 1 |0 (RuTPU)RU\TPU\conf\17281  |t Информационные технологии в науке, управлении, социальной сфере и медицине  |o сборник научных трудов III Международной научной конференции, 23-26 мая 2016 г., Томск  |o в 2 ч.  |d 2016 
463 1 |0 (RuTPU)RU\TPU\conf\17287  |t Ч. 2  |f Национальный исследовательский Томский политехнический университет (ТПУ) ; под ред. О. Г. Берестневой [и др.]  |v [С. 318-322]  |d 2016 
510 1 |a Estimated economic disbenefit AS a short circuit in the power utility systems of the Tomsk region  |z eng 
610 1 |a труды учёных ТПУ 
610 1 |a электронные ресурсы 
610 1 |a экономические потери 
610 1 |a неисправности 
610 1 |a оборудование 
610 1 |a короткое замыкание 
610 1 |a релейная защита 
700 1 |a Корнев  |b В. А.  |c специалист в области электроэнергетики  |c инженер Томского политехнического университета  |f 1991-  |g Василий Александрович  |3 (RuTPU)RU\TPU\pers\33476 
701 1 |a Акерман  |b Е. Н.  |c экономист  |c профессор Томского политехнического университета, доктор экономических наук  |f 1967-  |g Елена Николаевна  |3 (RuTPU)RU\TPU\pers\34112  |9 17652 
712 0 2 |a Национальный исследовательский Томский политехнический университет (ТПУ)  |b Энергетический институт (ЭНИН)  |b Кафедра электроэнергетических систем (ЭЭС)  |3 (RuTPU)RU\TPU\col\18675 
712 0 2 |a Национальный исследовательский Томский политехнический университет (ТПУ)  |b Институт социально-гуманитарных технологий (ИСГТ)  |b Кафедра менеджмента (МЕН)  |3 (RuTPU)RU\TPU\col\18855 
801 2 |a RU  |b 63413507  |c 20160912  |g RCR 
856 4 |u http://earchive.tpu.ru/handle/11683/31484 
942 |c BK